History Quiz

Random History or Famous Quiz

Famous Figures in US History Quiz Stats

 Plays Quiz Updated Nov 5, 2018

Also try: Famous Last Words
Challenge
Share
Tweet
Embed
Score 0/30 Timer 06:00
5 Plays Today
% Correct
Martin Luther King Jr.
94.6%
Neil Armstrong
93.2%
Richard Nixon
93%
Abraham Lincoln
89.4%
Charles Lindbergh
88.3%
Ronald Reagan
86.4%
Al Capone
84.7%
Harry S Truman
80.3%
Franklin Roosevelt
79.6%
John D. Rockefeller
79.1%
Andrew Carnegie
78.1%
George A. Custer
75.7%
Thomas Paine
74.6%
Alexander Hamilton
72.4%
Woodrow Wilson
72.3%
% Correct
Jimmy Carter
71.3%
Andrew Jackson
68.9%
John F. Kennedy
67.2%
Theodore Roosevelt
66.7%
Douglas MacArthur
66.3%
John Marshall
63.9%
Thomas Jefferson
62.3%
Ulysses S. Grant
58.9%
William T. Sherman
58.8%
Chief Joseph
51.3%
Robert E. Lee
50.9%
James K. Polk
50.1%
Tecumseh
44.5%
Henry Clay
43.4%
John Adams
38%

You're not logged in!

Compare scores with friends on all Sporcle quizzes.
OR
Log In

You Might Also Like...

Show Comments

Extras

Top Quizzes Today


Score Distribution

Your Account Isn't Verified!

In order to create a playlist on Sporcle, you need to verify the email address you used during registration. Go to your Sporcle Settings to finish the process.

Report this User

Report this user for behavior that violates our Community Guidelines.

Details: